Statistics for Bridget Jones trilogy cast members

Click here to take the quiz!

General Stats

  • This quiz has been taken 52 times
  • The average score is 5 of 15

Answer Stats

actor/ actresscharacter% Correct
Renee ZellwegerBridget Jones
98%
Colin FirthMark Darcy
96%
Hugh GrantDaniel Cleaver
67%
Shirley HendersonJude
40%
James CallisTom
38%
patrick DempseyJack
35%
Jim BroadbentMr. Jones
33%
gemma Jonesmrs Jones
33%
Sally PhillipsShazzer
31%
Emma ThompsonDr. Rawlings
6%
Julian Rhind- TuttFergus
6%
Ben WillbondGiles
4%
Agni Scottcamilla
4%
Neil PearsonRichard Finch
4%
Joanna Scanlancathy the make-up Lady
0%

Score Distribution

Percentile by Number Answered

Percent of People with Each Score

Your Score History

You have not taken this quiz